<?xml version="1.0" encoding="UTF-8"?><?xml-stylesheet type="text/xsl" href="static/style.xsl"?><OAI-PMH xmlns="http://www.openarchives.org/OAI/2.0/" xmlns:xsi="http://www.w3.org/2001/XMLSchema-instance" xsi:schemaLocation="http://www.openarchives.org/OAI/2.0/ http://www.openarchives.org/OAI/2.0/OAI-PMH.xsd"><responseDate>2026-04-17T16:21:11Z</responseDate><request verb="GetRecord" identifier="oai:www.recercat.cat:20.500.12328/1386" metadataPrefix="marc">https://recercat.cat/oai/request</request><GetRecord><record><header><identifier>oai:recercat.cat:20.500.12328/1386</identifier><datestamp>2025-05-20T00:03:54Z</datestamp><setSpec>com_2072_67741</setSpec><setSpec>col_2072_484352</setSpec></header><metadata><record xmlns="http://www.loc.gov/MARC21/slim" xmlns:dcterms="http://purl.org/dc/terms/" xmlns:xsi="http://www.w3.org/2001/XMLSchema-instance" xmlns:doc="http://www.lyncode.com/xoai" xsi:schemaLocation="http://www.loc.gov/MARC21/slim http://www.loc.gov/standards/marcxml/schema/MARC21slim.xsd">
   <leader>00925njm 22002777a 4500</leader>
   <datafield ind2=" " ind1=" " tag="042">
      <subfield code="a">dc</subfield>
   </datafield>
   <datafield ind2=" " ind1=" " tag="720">
      <subfield code="a">Trapero-Bertran, Marta</subfield>
      <subfield code="e">author</subfield>
   </datafield>
   <datafield ind2=" " ind1=" " tag="720">
      <subfield code="a">Brosa, Max</subfield>
      <subfield code="e">author</subfield>
   </datafield>
   <datafield ind2=" " ind1=" " tag="720">
      <subfield code="a">Espín Balbino, Jaime</subfield>
      <subfield code="e">author</subfield>
   </datafield>
   <datafield ind2=" " ind1=" " tag="720">
      <subfield code="a">Oliva-Moreno, Juan</subfield>
      <subfield code="e">author</subfield>
   </datafield>
   <datafield ind2=" " ind1=" " tag="260">
      <subfield code="c">2015-03</subfield>
   </datafield>
   <datafield ind2=" " ind1=" " tag="520">
      <subfield code="a">En este segundo artículo, de una serie de tres, debatiremos, empleando la técnica Metaplan, sobre cuestiones controvertidas de las medidas de resultado en salud en la evaluación económica de intervenciones sanitarias (EEIS). Las cuatro áreas de debate se centraron en: elección de las medidas de resultado en salud: en abstracto ninguna medida es superior a otra. Extrapolación y transferibilidad de las medidas de resultado en salud: los resultados de una EEIS de un país no deberían ser asumidos en otro sin realizar ciertos ajustes de distinto tipo. Instrumentos adecuados para medir la calidad de vida en España: se apuntó el EQ-5D como conveniente debido a su extendido uso internacional. Y comparaciones indirectas: la combinación de ambas comparaciones, directas e indirectas, sería recomendable si la prueba para las estimaciones indirectas fue consistente y estaba validada. Finalmente, se proponen líneas de investigación para tratar de superar las discrepancias identificadas en cada una de estas áreas, entre las cuáles se encuentran: la realización de estudios de correlación entre puntuaciones de instrumentos específicos y genéricos de medición de calidad de vida, actualizar o crear una base de datos de evaluaciones económicas realizadas en España, la estimación de los conjuntos de utilidades de la población española para instrumentos genéricos y específicos preexistentes o bien, establecer una manera común de mostrar los resultados de un meta-análisis en red.</subfield>
   </datafield>
   <datafield ind2=" " ind1=" " tag="520">
      <subfield code="a">In this second article of a series of three, we will discuss using the Metaplan technique on controversial issues of health outcomes in economic evaluation of health care interventions. The four-discussion areas focus on: choice of health outcomes measures, where any outcome measure is superior to another; extrapolation and transferability of health outcomes measures, which should not be assumed the results of an EEIS of one country to another without making certain adjustments; appropriate instruments to measure quality of life in Spain, where the EQ-5D was indicated as convenient due to its widespread international use; and, indirect comparisons, where the combination of both comparisons, direct and indirect, it would be advisable if the test for indirect estimates is consistent and has been validated. Finally, research lines to try to overcome the identified discrepancies were identified in each of these areas, some of those are: doing studies of correlation between scores of specific and generic instruments measuring quality of life; update or create a database of economic evaluations in Spain; estimating utilities for the Spanish population by existing generic and specific instruments; or, establish a common way to show the results of a meta-analysis network.</subfield>
   </datafield>
   <datafield ind1="8" ind2=" " tag="024">
      <subfield code="a">Trapero Bertran, Marta; Brosa Riestra, Max; Espín Balbino, Jaime; Oliva, Juan. «Cuestiones controvertidas en evaluación económica (II): medidas de resultado en salud de las intervenciones sanitarias». Revista Española de Salud Pública, 2015, vol. 89, núm. 2, p. 125-135. Disponible en: &lt;http://scielo.isciii.es/scielo.php?script=sci_arttext&amp;pid=S1135-57272015000200002>. Fecha de acceso: 09 dic. 2019. DOI: 10.4321/S1135-57272015000200002</subfield>
   </datafield>
   <datafield ind1="8" ind2=" " tag="024">
      <subfield code="a">1135-5727</subfield>
   </datafield>
   <datafield ind1="8" ind2=" " tag="024">
      <subfield code="a">http://hdl.handle.net/20.500.12328/1386</subfield>
   </datafield>
   <datafield ind1="8" ind2=" " tag="024">
      <subfield code="a">http://dx.doi.org/10.4321/S1135-57272015000200002</subfield>
   </datafield>
   <datafield tag="653" ind2=" " ind1=" ">
      <subfield code="a">Cost</subfield>
   </datafield>
   <datafield tag="653" ind2=" " ind1=" ">
      <subfield code="a">Qualitat de vida</subfield>
   </datafield>
   <datafield tag="653" ind2=" " ind1=" ">
      <subfield code="a">Avaluació de resultats (Assistència mèdica)</subfield>
   </datafield>
   <datafield tag="653" ind2=" " ind1=" ">
      <subfield code="a">Costes</subfield>
   </datafield>
   <datafield tag="653" ind2=" " ind1=" ">
      <subfield code="a">Calidad de vida</subfield>
   </datafield>
   <datafield tag="653" ind2=" " ind1=" ">
      <subfield code="a">Evaluación de resultados (Asistencia sanitaria)</subfield>
   </datafield>
   <datafield tag="653" ind2=" " ind1=" ">
      <subfield code="a">Quality of life</subfield>
   </datafield>
   <datafield tag="653" ind2=" " ind1=" ">
      <subfield code="a">Outcome assessment (Medical care)</subfield>
   </datafield>
   <datafield ind2="0" ind1="0" tag="245">
      <subfield code="a">Cuestiones controvertidas en evaluación económica (II): medidas de resultado en salud de las intervenciones sanitarias</subfield>
   </datafield>
</record></metadata></record></GetRecord></OAI-PMH>